| 000 | 00713nam a2200253Ia 4500 | ||
|---|---|---|---|
| 008 | 170711s9999 xx 000 0 und d | ||
| 020 | _a609807234 | ||
| 050 | _a659.1 | ||
| 050 | _bT974 2000 | ||
| 100 | _aTwitchell, James B. | ||
| 245 | _aTwenty ads that shook the world : | ||
| 245 | _bthe century's most groundbreaking advertising and how it changed us all / | ||
| 245 | _cJames B. Twitchell. | ||
| 250 | _aFirst paperback edition. | ||
| 260 | _aNew York : | ||
| 260 | _bThree River Press, | ||
| 260 | _c2000 | ||
| 300 | _a229 pages : | ||
| 300 | _billustrations ; | ||
| 300 | _c23cm. | ||
| 500 | _aIcludes bibliographic reference and index. | ||
| 650 | _aAdvertising. | ||
| 700 | _aTitle. | ||
| 999 |
_c339656 _d339656 |
||